000 01467nam a2200265Ia 4500
999 _c5124
_d5124
003 OSt
005 20200331120247.0
008 191128s2010 mx a gr 000 0 s d
020 _a9786074012798
040 _aCO-JMCR
_cCO-JMCR
041 0 _aspa
082 0 4 _a320.972 /
_bG569c
_221
100 _aGómez Álvarez, David,
_ecoordinador
_92264
245 1 0 _aCapacidades institucionales para el desarrollo humano :
_bconceptos, índices y políticas públicas /
_ccoordinador David Gómez Álvarez
250 _aPrimera edición
260 _aMéxico :
_bPrograma de las Naciones Unidas para el Desarrollo : Universidad de Guadalajara,
_c2010
300 _a659 páginas :
_bilustraciones a blanco y negro ;
_c23 cm.
490 0 _aPolíticas públicas. Política y gobierno
505 0 _aVisiones econtradas sobre el gobierno local mexicano : federalismo y municipalismo -- Capacidades : las piezas del rompecabezas de desarrollo -- La calidad del gobierno en el ámbito estatal : discusión conceptual y aplicación al caso de Jalisco
520 _aEste libro es el resultado de la conjunción de más de una docena de visiones distintas en torno a un mismo tema: la relación entre las capacidades institucionales de los gobiernos locales y el desarrollo humano.
650 1 4 _aDesarrollo humano
_xEstrategia del desarrollo Política pública--
_92265
650 1 4 _aEstrategia del desarrollo
_92266
650 1 4 _aPolítica pública
_92267
942 _2ddc
_cBK